000
00201 a2200097 4500
001
15996
100
_a
Sienko & plane
245
_a
Chemistry
260
_a
Tokyo
_b
McGraw-Hill
_c
090
_c
12402
_d
12402
942
_a
NUST-CAE
_c
M
_c
2673
999
_c
251069
_d
251069